Factores de 1000 - Estadísticas

Estadísticas generales
  • Esta prueba ha sido intentada 50 veces
  • La puntuación promedio es 14 de 16
Estadísticas de respuestas
Respuesta % Correcto
1
100%
2
100%
5
100%
10
98%
4
98%
50
98%
100
95%
25
95%
8
95%
20
93%
40
88%
500
84%
1000
81%
200
79%
250
74%
125
65%
No se encontraron pruebas coincidentes
Distribución de puntuación
Porcentaje de gente con cada puntuación
Porcentaje por número respondido
Historial de tus puntuaciones
No has intentado esta prueba.